The application of surface generated interpolation models for the prediction of residential property values (Record no. 63605)

MARC details
000 -LEADER
fixed length control field 00946cam a2200265 4500
001 - CONTROL NUMBER
control field ABS62329
008 - FIXED-LENGTH DATA ELEMENTS--GENERAL INFORMATION
fixed length control field 000000n2000 000 0 eng u
035 ## - SYSTEM CONTROL NUMBER
System control number (Sirsi) u106171
100 ## - MAIN ENTRY--PERSONAL NAME
Personal name McCluskey, W.J.
245 #4 - TITLE STATEMENT
Title The application of surface generated interpolation models for the prediction of residential property values
260 ## - PUBLICATION, DISTRIBUTION, ETC.
Date of publication, distribution, etc. 2000
490 ## - SERIES STATEMENT
Series statement Journal of Property Investment and Finance
Volume/sequential designation 18(2) 2000, 162-176(15)
520 ## - SUMMARY, ETC.
Summary, etc. This paper attempts to analyse the effect of location on residential property prices and to develop a predictive model. References.
590 ## - LOCAL NOTE (RLIN)
Local note ABS
650 ## - SUBJECT ADDED ENTRY--TOPICAL TERM
Topical term or geographic name entry element HOUSE PRICES
650 ## - SUBJECT ADDED ENTRY--TOPICAL TERM
Topical term or geographic name entry element LOCATION
650 ## - SUBJECT ADDED ENTRY--TOPICAL TERM
Topical term or geographic name entry element SPATIAL ANALYSIS
650 ## - SUBJECT ADDED ENTRY--TOPICAL TERM
Topical term or geographic name entry element TRIANGULATED IRREGULAR NETWORKS
650 ## - SUBJECT ADDED ENTRY--TOPICAL TERM
Topical term or geographic name entry element INVERSE DISTANCE WEIGHTING
690 ## - LOCAL SUBJECT ADDED ENTRY--TOPICAL TERM (OCLC, RLIN)
Topical term or geographic name as entry element PROPERTY-RESIDENTIAL PROPERTY-RESIDENTIAL PROPERTY MARKET
700 ## - ADDED ENTRY--PERSONAL NAME
Personal name Deddis, W.G.
700 ## - ADDED ENTRY--PERSONAL NAME
Personal name Lamont, I.G.
700 ## - ADDED ENTRY--PERSONAL NAME
Personal name Borst, R.A.
942 ## - ADDED ENTRY ELEMENTS (KOHA)
Suppress in OPAC 0
Holdings
Withdrawn status Lost status Source of classification or shelving scheme Damaged status Not for loan Home library Current library Shelving location Date acquired Total Checkouts Full call number Barcode Date last seen Copy number Price effective from Koha item type
    Dewey Decimal Classification     London London Journal article 31/05/2000   ABS62329 106171-1001 06/08/2019 1 06/08/2019 Journal article